书目信息 |
| 题名: |
对地观测卫星系统顶层设计参数优化方法
|
|
| 作者: | 刘晓路 著 | |
| 分册: | ||
| 出版信息: | 北京 国防工业出版社 2020.10 |
|
| 页数: | 161页 | |
| 开本: | 24cm | |
| 丛书名: | ||
| 单 册: | ||
| 中图分类: | V474.2 | |
| 科图分类: | ||
| 主题词: | 测地卫星--系统优化 | |
| 电子资源: | ||
| ISBN: | 978-7-118-12139-1 | |
| 000 | 01376nam0 2200265 45 | |
| 001 | 012001001014 | |
| 005 | 20140912141734.0 | |
| 010 | @a978-7-118-12139-1@dCNY76.00 | |
| 100 | @a20201216d2020 em y0chiy50 ea | |
| 101 | 0 | @achi |
| 102 | @aCN@b110000 | |
| 105 | @aa z 000yy | |
| 106 | @ar | |
| 200 | 1 | @a对地观测卫星系统顶层设计参数优化方法@Adui di guan ce wei xing xi tong ding ceng she ji can shu you hua fang fa@b专著@dResearch on method of optimization of top design parameters for earth observation satellite system@f刘晓路[等]著@zeng |
| 210 | @a北京@c国防工业出版社@d2020.10 | |
| 215 | @a161页@c图@d24cm | |
| 300 | @a并列题名:Research on method of optimization of top design parameters for earth observation satellite system | |
| 304 | @a著者还有:陈宇宁、陈盈果、姚锋 | |
| 330 | @a本书围绕对地观测卫星系统顶层设计参数优化展开,介绍了参数设计优化的相关概念、理论和方法,同时也就对地观测卫星系统相关的背景和基础知识进行了简明阐述。主要内容包括:对地观测卫星系统覆盖性能指标体系、基于试验设计和代理模型的优化框架、综合拉丁方试验设计方法、Kriging代理模型构建和优化方法等。 | |
| 510 | 1 | @aResearch on method of optimization of top design parameters for earth observation satellite system@zeng |
| 606 | 0 | @a测地卫星@x系统优化 |
| 690 | @aV474.2@v5 | |
| 701 | 0 | @a刘晓路@Aliu xiao lu@4著 |
| 801 | 0 | @aCN@bBJSDL@c20211011 |
| 905 | @b1332703-6@dV474.2@e67@f4 | |
| 对地观测卫星系统顶层设计参数优化方法=Research on method of optimization of top design parameters for earth observation satellite system/刘晓路[等]著.-北京:国防工业出版社,2020.10 |
| 161页:图;24cm |
| 并列题名:Research on method of optimization of top design parameters for earth observation satellite system |
| ISBN 978-7-118-12139-1:CNY76.00 |
| 本书围绕对地观测卫星系统顶层设计参数优化展开,介绍了参数设计优化的相关概念、理论和方法,同时也就对地观测卫星系统相关的背景和基础知识进行了简明阐述。主要内容包括:对地观测卫星系统覆盖性能指标体系、基于试验设计和代理模型的优化框架、综合拉丁方试验设计方法、Kriging代理模型构建和优化方法等。 |
| ● |
| 相关链接 |
|
|
|
|
正题名:对地观测卫星系统顶层设计参数优化方法
索取号:V474.2/67
 
预约/预借
| 序号 | 登录号 | 条形码 | 馆藏地/架位号 | 状态 | 备注 |
| 1 | 1332703 | 213327032 | 第二样本阅览室/ [索取号:V474.2/67] | 在馆 | |
| 2 | 1332704 | 213327041 | 第三借阅区/ [索取号:V474.2/67] | 在馆 | |
| 3 | 1332705 | 213327050 | 第三借阅区/ [索取号:V474.2/67] | 在馆 | |
| 4 | 1332706 | 213327069 | 第三借阅区/ [索取号:V474.2/67] | 在馆 |